[Event "TUR Cup										"]
[Site "Antalya"]
[Date "2018.02.02"]
[Round "10"]
[White "Yapici, Nazim"]
[Black "Uyanik, Mehmet"]
[Result "1-0"]
[WhiteElo "1607"]
[BlackElo "1486"]
[PlyCount "134"]
[EventDate "2018.01.27"]
[EventType "swiss"]
[EventRounds "11"]
[EventCountry "TUR"]
[SourceTitle "CBM 182 Extra"]
[Source "ChessBase"]
[SourceDate "2018.02.23"]
[SourceVersion "1"]
[SourceVersionDate "2018.02.23"]
[SourceQuality "1"]

1. e4 c5 2. Nf3 d6 3. d4 cxd4 4. Nxd4 Nf6 5. Nc3 a6 6. Bg5 e6 7. Be2 Be7 8. Qd2 b5 9. a3 Bb7 10. f3 Nbd7 11. 0-0-0 Rc8 12. Rhe1 0-0 13. g4 d5 14. exd5 Nxd5 15. Nxd5 Bxg5 16. Ne3 Qc7 17. Kb1 Bxe3 18. Qxe3 e5 19. Nf5 Qxc2+ 20. Ka1 Rcd8 21. Rd2 Qc7 22. Rd6 Kh8 23. Red1 f6 24. Qd2 Rf7 25. Rc1 Qb8 26. Rd1 Bc8 27. Qd5 Rff8 28. Ne7 Bb7 29. Qa2 Nc5 30. Nf5 Rxd6 31. Nxd6 Qc7 32. h4 Bc8 33. Nxc8 Qxc8 34. Qd5 Ne6 35. Qe4 Nf4 36. Bf1 Qe6 37. Qb4 Re8 38. b3 Nd5 39. Qa5 h6 40. Bd3 Nc3 41. Bf5 Qxb3 42. Rd8 Rxd8 43. Qxd8+ Qg8 44. Qd2 Qb3 45. Qd8+ Qg8 46. Qd2 Nd5 47. Bb1 Nb6 48. Qc2 Nc4 49. Qd3 Na5 50. g5 Nb3+ 51. Kb2 Nc5 52. Qc2 Ne6 53. Ba2 Nd4 54. Qg6 Ne6 55. gxh6 Nf4 56. Qf5 Qf8 57. hxg7+ Qxg7 58. Qc8+ Kh7 59. Bb1+ Kh6 60. Qxa6 Nd5 61. Qxb5 Qg2+ 62. Bc2 Qxf3 63. Qc4 Ne3 64. Qd3 Qb7+ 65. Bb3 Ng4 66. Ka2 Qg7 67. Bc2 Nf2 1-0

[Event "Skopje Karposh op"]
[Site "Skopje"]
[Date "2013.03.10"]
[Round "2"]
[White "Ilic, Slobodan R"]
[Black "Uyanik, Mehmet"]
[Result "1-0"]
[WhiteElo "2052"]
[BlackElo "1672"]
[PlyCount "67"]
[EventDate "2013.03.09"]
[EventType "swiss"]
[EventRounds "9"]
[EventCountry "MKD"]
[SourceTitle "CBM 153 Extra"]
[Source "ChessBase"]
[SourceDate "2013.04.22"]
[SourceVersion "1"]
[SourceVersionDate "2013.04.22"]
[SourceQuality "1"]

1. Nf3 c5 2. g3 Nf6 3. Bg2 d5 4. 0-0 g6 5. c4 e6 6. cxd5 exd5 7. d4 Bg7 8. Nc3 0-0 9. Bf4 a6 10. dxc5 Nc6 11. Na4 Bf5 12. Nb6 Ra7 13. Nd4 Nxd4 14. Qxd4 Re8 15. Be5 Qe7 16. f4 Nh5 17. Nxd5 Qd8 18. Bxg7 Nxg7 19. e4 Be6 20. Nf6+ Kh8 21. Rfd1 Qxd4+ 22. Rxd4 Rc8 23. Rad1 Raa8 24. a3 Bb3 25. Rc1 Ne6 26. Rb4 Rxc5 27. Rxc5 Nxc5 28. e5 a5 29. Bxb7 Rb8 30. Rb5 Rxb7 31. Rxc5 a4 32. Rc8+ Kg7 33. g4 Bd1 34. Rg8+ 1-0

[Event "TUR-ch"]
[Site "Antalya"]
[Date "2013.02.08"]
[Round "10"]
[White "Koksal, Recep"]
[Black "Uyanik, Mehmet"]
[Result "1-0"]
[WhiteElo "1920"]
[BlackElo "1692"]
[PlyCount "71"]
[EventDate "2013.02.02"]
[EventType "swiss"]
[EventRounds "11"]
[EventCountry "TUR"]
[SourceTitle "CBM 152 Extra"]
[Source "ChessBase"]
[SourceDate "2013.02.25"]
[SourceVersion "1"]
[SourceVersionDate "2013.02.25"]
[SourceQuality "1"]

1. e4 c5 2. Nf3 d6 3. d4 cxd4 4. Nxd4 Nf6 5. Nc3 a6 6. Bg5 e6 7. Qd2 Be7 8. 0-0-0 Nc6 9. f3 Bd7 10. Kb1 Qc7 11. h4 0-0-0 12. Nb3 Be8 13. Qf2 d5 14. exd5 Nxd5 15. Nxd5 Rxd5 16. Rxd5 exd5 17. Qd2 Bxg5 18. hxg5 Qe5 19. Bd3 Bd7 20. f4 Qd6 21. a3 Kb8 22. g3 Ne7 23. Qc3 Nf5 24. Nc5 Rc8 25. Nxd7+ Qxd7 26. Qe5+ Nd6 27. Rxh7 Re8 28. Qxd5 Qc7 29. Rxg7 Re1+ 30. Ka2 Qb6 31. g6 f5 32. Rd7 Ne4 33. Bxe4 Rxe4 34. Rd8+ Ka7 35. g7 Qf2 36. g8Q 1-0

[Event "Chigorin Memorial 20th"]
[Site "St Petersburg"]
[Date "2012.10.31"]
[Round "5"]
[White "Maltsev, Leonid"]
[Black "Uyanik, Mehmet"]
[Result "1-0"]
[WhiteElo "1947"]
[BlackElo "1687"]
[PlyCount "68"]
[EventDate "2012.10.27"]
[EventType "swiss"]
[EventRounds "9"]
[EventCountry "RUS"]
[SourceTitle "EXT 2013"]
[Source "ChessBase"]
[SourceDate "2012.11.22"]
[SourceVersion "1"]
[SourceVersionDate "2012.11.22"]
[SourceQuality "1"]

1. e4 c5 2. Nf3 e6 3. d4 cxd4 4. Nxd4 Nf6 5. Nc3 a6 6. Bg5 Be7 7. f4 d6 8. Qf3 Nc6 9. 0-0-0 Qc7 10. Nxc6 bxc6 11. e5 dxe5 12. fxe5 Nd5 13. Bxe7 Qxe7 14. Ne4 0-0 15. Qg3 Kh8 16. a3 a5 17. Rd2 Ba6 18. Bxa6 Rxa6 19. c4 Nb6 20. Rf2 Nxc4 21. Qd3 Qa7 22. Qxc4 Rd8 23. Rf3 Rd5 24. Rxf7 Qe3+ 25. Kb1 Ra8 26. Rhf1 h6 27. R7f3 Qb6 28. Rf8+ Rxf8 29. Rxf8+ Kh7 30. Qc2 Kg6 31. Nf2+ Kg5 32. Nh3+ Kh4 33. Qe4+ Kh5 34. Nf4+ Kg5 1-0

[Event "Chigorin Memorial 20th"]
[Site "St Petersburg"]
[Date "2012.10.29"]
[Round "3"]
[White "Volskaya, Vera"]
[Black "Uyanik, Mehmet"]
[Result "0-1"]
[WhiteElo "1929"]
[BlackElo "1687"]
[PlyCount "108"]
[EventDate "2012.10.27"]
[EventType "swiss"]
[EventRounds "9"]
[EventCountry "RUS"]
[SourceTitle "EXT 2013"]
[Source "ChessBase"]
[SourceDate "2012.11.22"]
[SourceVersion "1"]
[SourceVersionDate "2012.11.22"]
[SourceQuality "1"]

1. d4 Nf6 2. c4 e6 3. Nf3 d5 4. e3 c6 5. a3 Bd6 6. Nc3 0-0 7. c5 Be7 8. b4 Nbd7 9. Bb2 Re8 10. Be2 Bf8 11. 0-0 g6 12. Ne5 Nxe5 13. dxe5 Nd7 14. f4 b6 15. cxb6 Qxb6 16. Rf3 c5 17. Na4 Qd8 18. bxc5 Nxc5 19. Bd4 Nxa4 20. Qxa4 a6 21. Bb5 Re7 22. Bc5 Rb7 23. Bxf8 Rxb5 24. Bh6 Bd7 25. Qd1 Rb2 26. Bg5 Qa5 27. Be7 Qd2 28. Qxd2 Rxd2 29. Rf2 Rd3 30. Re2 Rc8 31. Bb4 Bb5 32. Kf2 d4 33. e4 Rb3 34. Rd2 d3 35. Ke3 Rc2 36. Ra2 Rxa2 37. Rxa2 Bc4 38. Bd2 Rb1 39. a4 Bxa2 40. Kxd3 Rg1 41. g3 Rg2 42. Ke3 Rxh2 43. a5 Bc4 44. Bb4 Rb2 45. Be7 Rb3+ 46. Kd4 Be2 47. Bh4 Ra3 48. g4 Rxa5 49. g5 Ra1 50. Bf2 Rc1 51. Ke3 Bb5 52. Kd2 Rc6 53. Ba7 a5 54. Bb8 a4 0-1

[Event "Chigorin Memorial 20th"]
[Site "St Petersburg"]
[Date "2012.10.27"]
[Round "1"]
[White "Fomichenko, Svetlana"]
[Black "Uyanik, Mehmet"]
[Result "1-0"]
[WhiteElo "2256"]
[BlackElo "1687"]
[PlyCount "99"]
[EventDate "2012.10.27"]
[EventType "swiss"]
[EventRounds "9"]
[EventCountry "RUS"]
[SourceTitle "EXT 2013"]
[Source "ChessBase"]
[SourceDate "2012.11.22"]
[SourceVersion "1"]
[SourceVersionDate "2012.11.22"]
[SourceQuality "1"]

1. e4 c5 2. Nf3 e6 3. d4 cxd4 4. Nxd4 Nf6 5. Bd3 Nc6 6. c3 a6 7. 0-0 Bc5 8. Nxc6 bxc6 9. e5 Nd5 10. Qg4 Bf8 11. Nd2 f5 12. Qg3 Nb6 13. Nf3 Rg8 14. Bg5 Be7 15. Qh4 Bxg5 16. Nxg5 Rh8 17. c4 Qe7 18. f4 Bb7 19. Qf2 c5 20. Be2 h6 21. Bh5+ Kf8 22. Nf7 Rg8 23. Nd6 Bc6 24. Bf7 Rh8 25. Bg6 Na4 26. Rac1 h5 27. Nf7 Rg8 28. b3 Nb6 29. Nd6 Nc8 30. Nxc8 Rxc8 31. Bxh5 g5 32. Bf3 gxf4 33. Bxc6 Rxc6 34. Qxf4 Qg7 35. g3 Ke7 36. Rcd1 Qh7 37. Qd4 Ke8 38. Rf4 Qg7 39. Qe3 Rh8 40. Rf2 Rh4 41. Rf4 Rh6 42. Rd2 a5 43. Kh1 Qg5 44. Rf3 Qh5 45. Rdf2 Rc8 46. g4 Qg6 47. gxf5 Qh7 48. fxe6 dxe6 49. Rf8+ Kd7 50. R2f7+ 1-0

[Event "TUR-ch"]
[Site "Kemer"]
[Date "2012.01.31"]
[Round "4"]
[White "Aysoy, Veysi"]
[Black "Uyanik, Mehmet"]
[Result "1-0"]
[WhiteElo "1924"]
[BlackElo "1695"]
[PlyCount "51"]
[EventDate "2012.01.29"]
[EventType "swiss"]
[EventRounds "10"]
[EventCountry "TUR"]
[SourceTitle "CBM 146 Extra"]
[Source "ChessBase"]
[SourceDate "2012.02.29"]
[SourceVersion "1"]
[SourceVersionDate "2012.02.29"]
[SourceQuality "1"]

1. d4 d5 2. Bf4 Nf6 3. e3 Bf5 4. Nf3 c6 5. Bd3 Bxd3 6. Qxd3 Qb6 7. b3 e6 8. 0-0 c5 9. Nbd2 Nc6 10. c3 Be7 11. Ne5 Nxe5 12. Bxe5 Bd6 13. c4 Bxe5 14. dxe5 Nd7 15. cxd5 exd5 16. Qxd5 Qc7 17. e6 fxe6 18. Qxe6+ Kd8 19. Nc4 Re8 20. Qd5 Qc6 21. Qd3 Kc7 22. Rfd1 Nf6 23. Qf5 Qe4 24. Qxc5+ Kb8 25. Qd6+ Kc8 26. Rac1 1-0

[Event "TUR-ch"]
[Site "Kemer"]
[Date "2012.01.31"]
[Round "5"]
[White "Uyanik, Mehmet"]
[Black "Onay, Emrah"]
[Result "0-1"]
[WhiteElo "1695"]
[BlackElo "1914"]
[PlyCount "70"]
[EventDate "2012.01.29"]
[EventType "swiss"]
[EventRounds "10"]
[EventCountry "TUR"]
[SourceTitle "CBM 146 Extra"]
[Source "ChessBase"]
[SourceDate "2012.02.29"]
[SourceVersion "1"]
[SourceVersionDate "2012.02.29"]
[SourceQuality "1"]

1. Nf3 Nf6 2. c4 g6 3. Nc3 Bg7 4. g3 0-0 5. Bg2 c5 6. 0-0 Nc6 7. e3 d6 8. d4 Bf5 9. Re1 Qd7 10. b3 Rad8 11. Bb2 Bg4 12. dxc5 dxc5 13. Qc2 Nb4 14. Qe2 Qd3 15. Bf1 Qxe2 16. Bxe2 Nc2 17. e4 Nxa1 18. Bxa1 e6 19. Kg2 Nd7 20. h3 Bxf3+ 21. Bxf3 Ne5 22. Be2 Rd2 23. a3 Rfd8 24. Kf1 Nd3 25. Bxd3 R8xd3 26. e5 Rc2 27. Ne4 b6 28. Nf6+ Bxf6 29. exf6 Rdd2 30. Be5 Rxf2+ 31. Kg1 Rg2+ 32. Kh1 Rh2+ 33. Kg1 Rcg2+ 34. Kf1 Ra2 35. g4 Rh1# 0-1

[Event "TUR-ch"]
[Site "Kemer"]
[Date "2012.01.29"]
[Round "1"]
[White "Duman, Aydin"]
[Black "Uyanik, Mehmet"]
[Result "1-0"]
[WhiteElo "2220"]
[BlackElo "1695"]
[PlyCount "89"]
[EventDate "2012.01.29"]
[EventType "swiss"]
[EventRounds "10"]
[EventCountry "TUR"]
[SourceTitle "CBM 146 Extra"]
[Source "ChessBase"]
[SourceDate "2012.02.29"]
[SourceVersion "1"]
[SourceVersionDate "2012.02.29"]
[SourceQuality "1"]

1. e4 c5 2. Ne2 d6 3. g3 Nf6 4. Bg2 Nc6 5. 0-0 g6 6. c3 Bg4 7. f3 Bd7 8. d4 c4 9. Na3 Na5 10. Bg5 Qc7 11. Bxf6 exf6 12. Nf4 Bg7 13. Nd5 Qd8 14. f4 0-0 15. f5 Re8 16. Nc2 Nc6 17. Nce3 b5 18. a4 Ne7 19. fxg6 fxg6 20. Nxf6+ Bxf6 21. Rxf6 Kg7 22. Qf3 Rf8 23. Rxf8 Qxf8 24. Qxf8+ Kxf8 25. axb5 Bxb5 26. e5 Nc6 27. exd6 Re8 28. Nxc4 Nxd4 29. cxd4 Bxc4 30. d7 Rd8 31. Rxa7 Bb5 32. Ra8 Rxa8 33. Bxa8 Bxd7 34. Kf2 Ke7 35. Ke3 Kd6 36. Be4 Ke7 37. d5 Kf6 38. Kd4 Bc8 39. b4 Ba6 40. Bd3 Bc8 41. b5 Ke7 42. Kc5 Bb7 43. b6 Kd7 44. Bb5+ Ke7 45. Bc6 1-0

[Event "SRB Central-ch op-A 4th"]
[Site "Paracin"]
[Date "2011.07.13"]
[Round "7"]
[White "Uyanik, Mehmet"]
[Black "Elez, Sinisa"]
[Result "0-1"]
[WhiteElo "1719"]
[BlackElo "2149"]
[PlyCount "70"]
[EventDate "2011.07.08"]
[EventType "swiss"]
[EventRounds "9"]
[EventCountry "SRB"]
[SourceTitle "CBM 143 Extra"]
[Source "ChessBase"]
[SourceDate "2011.08.29"]
[SourceVersion "1"]
[SourceVersionDate "2011.08.29"]
[SourceQuality "1"]

1. e4 c5 2. Nf3 d6 3. d4 cxd4 4. Nxd4 a6 5. Nc3 Nf6 6. Bc4 e6 7. Bb3 Be7 8. f4 0-0 9. 0-0 Qc7 10. f5 e5 11. Nde2 Nbd7 12. Ng3 b5 13. Bd5 Bb7 14. Bxb7 Qxb7 15. Bg5 b4 16. Bxf6 Nxf6 17. Nd5 Nxd5 18. exd5 Rfc8 19. Nh5 Rc4 20. f6 Bf8 21. Qd3 Rd4 22. Qe3 g6 23. Ng3 Qxd5 24. Qg5 h6 25. Qe3 Rc8 26. Rf2 Rd1+ 27. Rxd1 Qxd1+ 28. Rf1 Qxc2 29. Ne4 d5 30. Nd6 Bxd6 31. Qxh6 Bf8 32. Qg5 Qe2 33. h4 Bc5+ 34. Kh2 Qxf1 35. Qxe5 Bg1+ 0-1

[Event "SRB Central-ch op-A 4th"]
[Site "Paracin"]
[Date "2011.07.11"]
[Round "4"]
[White "Jovanovic, Bojan P"]
[Black "Uyanik, Mehmet"]
[Result "1-0"]
[WhiteElo "2222"]
[BlackElo "1719"]
[PlyCount "117"]
[EventDate "2011.07.08"]
[EventType "swiss"]
[EventRounds "9"]
[EventCountry "SRB"]
[SourceTitle "CBM 143 Extra"]
[Source "ChessBase"]
[SourceDate "2011.08.29"]
[SourceVersion "1"]
[SourceVersionDate "2011.08.29"]
[SourceQuality "1"]

1. g3 Nf6 2. Bg2 d5 3. c4 c6 4. cxd5 cxd5 5. Nf3 Nc6 6. 0-0 e5 7. d4 e4 8. Ne5 Bd6 9. Nxc6 bxc6 10. Nc3 h6 11. f3 exf3 12. exf3 0-0 13. Qd3 Re8 14. Be3 Qb6 15. Rf2 Rb8 16. Bf1 Qc7 17. Rc1 Nh5 18. Nxd5 Qa5 19. Nc3 Bf5 20. Qd2 Bh7 21. Bd3 Re6 22. Ne4 Bb4 23. Nc3 Bxd3 24. Qxd3 Rbe8 25. Bd2 Nf6 26. a3 Bxc3 27. Bxc3 Qd5 28. Qa6 Re3 29. Qf1 Nh7 30. Bd2 R3e6 31. Qc4 Qf5 32. Qc5 Qd3 33. Qc3 Qg6 34. Kg2 Ng5 35. h4 Nh7 36. Re1 Rxe1 37. Bxe1 Qe6 38. Bd2 Nf6 39. Qc5 Qd7 40. Bc1 Nd5 41. b4 Re6 42. a4 a6 43. Rc2 Rg6 44. b5 axb5 45. axb5 Qc7 46. g4 h5 47. Qxd5 hxg4 48. Bg5 gxf3+ 49. Kxf3 Qc8 50. Qd8+ Qxd8 51. Bxd8 cxb5 52. Ke4 Rd6 53. Bc7 Rh6 54. Bg3 Rh5 55. Rc8+ Kh7 56. d5 g5 57. hxg5 Rxg5 58. d6 Rg4+ 59. Bf4 1-0

[Event "SRB Central-ch op-A 4th"]
[Site "Paracin"]
[Date "2011.07.09"]
[Round "2"]
[White "Milenkovic, Mladen"]
[Black "Uyanik, Mehmet"]
[Result "1-0"]
[WhiteElo "2405"]
[BlackElo "1719"]
[PlyCount "53"]
[EventDate "2011.07.08"]
[EventType "swiss"]
[EventRounds "9"]
[EventCountry "SRB"]
[SourceTitle "CBM 143 Extra"]
[Source "ChessBase"]
[SourceDate "2011.08.29"]
[SourceVersion "1"]
[SourceVersionDate "2011.08.29"]
[SourceQuality "1"]

1. c4 Nf6 2. Nc3 c5 3. g3 Nc6 4. Bg2 e6 5. Nf3 d5 6. cxd5 exd5 7. d4 c4 8. 0-0 Bf5 9. Ne5 Be7 10. Nxd5 Nxd5 11. e4 Be6 12. exd5 Bxd5 13. Bxd5 Qxd5 14. Nxc6 Qxc6 15. Re1 Rd8 16. Bg5 f6 17. Qe2 Rd7 18. d5 Qxd5 19. Rad1 Qc6 20. Rxd7 Qxd7 21. Bf4 g5 22. Rd1 Qc8 23. Bd6 Qd8 24. Ba3 Qc7 25. Re1 h5 26. Bxe7 Kd7 27. Qe6+ 1-0

[Event "SRB Central-ch op-A 4th"]
[Site "Paracin"]
[Date "2011.07.09"]
[Round "3"]
[White "Uyanik, Mehmet"]
[Black "Popovic, Djordje D"]
[Result "0-1"]
[WhiteElo "1719"]
[BlackElo "2259"]
[PlyCount "56"]
[EventDate "2011.07.08"]
[EventType "swiss"]
[EventRounds "9"]
[EventCountry "SRB"]
[SourceTitle "CBM 143 Extra"]
[Source "ChessBase"]
[SourceDate "2011.08.29"]
[SourceVersion "1"]
[SourceVersionDate "2011.08.29"]
[SourceQuality "1"]

1. e4 c5 2. Nf3 d6 3. d4 cxd4 4. Nxd4 Nf6 5. Nc3 a6 6. Bc4 e6 7. Bb3 b5 8. f4 Bb7 9. 0-0 Be7 10. f5 e5 11. Nde2 Nbd7 12. Ng3 Rc8 13. Be3 h5 14. Bd5 Bxd5 15. Nxd5 h4 16. Nh1 Nxd5 17. exd5 Bg5 18. Re1 Bxe3+ 19. Rxe3 Qb6 20. Kf2 Nf6 21. Ke2 Rh5 22. Rf3 Rc5 23. Nf2 Rxd5 24. Rd3 Rxf5 25. Nh3 Qc6 26. Rc1 Rxd3 27. Qxd3 Qxg2+ 28. Ke1 Rf3 0-1

[Event "Sarajevo Bosna op 41st"]
[Site "Sarajevo"]
[Date "2011.05.05"]
[Round "3"]
[White "Kislik, Erik Andrew"]
[Black "Uyanik, Mehmet"]
[Result "1-0"]
[WhiteElo "2347"]
[BlackElo "1668"]
[PlyCount "63"]
[EventDate "2011.05.03"]
[EventType "swiss"]
[EventRounds "9"]
[EventCountry "BIH"]
[SourceTitle "CBM 142 Extra"]
[Source "ChessBase"]
[SourceDate "2011.06.27"]
[SourceVersion "1"]
[SourceVersionDate "2011.06.27"]
[SourceQuality "1"]

1. e4 c5 2. Nf3 d6 3. d4 cxd4 4. Nxd4 Nf6 5. Nc3 a6 6. h3 e6 7. g4 Nc6 8. Be3 Be7 9. Qe2 d5 10. 0-0-0 Ne5 11. g5 Nfd7 12. exd5 exd5 13. Nxd5 Bxg5 14. f4 Qa5 15. Nb3 Qd8 16. fxg5 0-0 17. Rg1 Re8 18. Qg2 Ng6 19. Bd3 a5 20. Bxg6 hxg6 21. Bf4 Re6 22. Nc7 Rc6 23. Nxa8 a4 24. Nd4 Rc4 25. Qd5 Rc5 26. Ne6 fxe6 27. Qxe6+ Kh7 28. Rg4 Nf6 29. Rh4+ Nh5 30. Rxh5+ gxh5 31. g6+ Kh8 32. Rxd8# 1-0